Muscles de l'épaule - Statistiques

Statistiques générales
  • Ce quiz a été pris 1 131 fois
  • Le résultat moyen est 7 sur 16
Statistiques - réponses
Muscles Epaule % Correct
Deltoïde
92%
Grand Rond
70%
Trapèze
70%
Petit Rond
69%
Infra épineux
65%
Supra épineux
65%
Subscapulaire
55%
Grand dorsal
54%
Dentelé Anterieur
33%
Elévateur de la scapula
31%
Subclavier
29%
Coraco-Brachial
28%
Grand rhomboïde
25%
Petit rhomboïde
25%
Pectoral Majeur
6%
Pectoral Mineur
6%
Aucun quiz correspondant
Distribution des résultats
% des personnes avec chaque résultat
Percentile par nombre de réponses
Votre historique - résultats
Vous n’avez pas pris ce quiz